00655cam a22002173a 450000100060000000300060000600500170001200800410002904000150007004200070008505000070009210000340009924500840013326000290021750600300024651600200027665300390029665300310033583000290036685600420039516431PGUSA20140828083341.0050804s2005||||xxu|||||s|||||000 | eng d aPGUSAbeng adc 4aML1 aRunciman, John F.,d1866-191610aRichard Wagner :bComposer of Operash[electronic resource] /cJohn F. Runciman bProject Gutenberg,c2005 aPublic domain in the USA. aElectronic text aWagner, Richard, 1813-1883. Operas aWagner, Richard, 1813-1883 0aProject Gutenbergv1643140uhttp://www.gutenberg.org/ebooks/16431